| 000 | 00738nam a2200241 4500 | ||
|---|---|---|---|
| 999 |
_c73879 _d73879 |
||
| 001 | 13290 | ||
| 003 | OSt | ||
| 005 | 20220117120207.0 | ||
| 007 | tu | ||
| 008 | s1986||||||| ger | ||
| 020 | _a3412076856 | ||
| 040 |
_aDE-2950 _cDE-2950 |
||
| 041 | _ager | ||
| 100 | 1 | _aSchröder, Brigitte | |
| 245 | 0 | 0 |
_aBibliographie zur deutschen historischen Städteforschung / _cbearb. von Brigitte Schröder u. Heinz Stoob. In Verb. m. Wilfried Ehbrecht u. Brigitte Schröder hrsg. von Heinz Stoob. |
| 264 |
_aKöln; _aWien: _bBöhlau, _c1986. |
||
| 300 | _a688 S. : Kt. | ||
| 365 | _c€ | ||
| 440 | 0 |
_aStädteforschung: Reihe B, Handbücher _vBd. 1 _wR1092 |
|
| 546 | _adeutsch | ||
| 653 | _aBibliographie | ||
| 942 |
_2z _cB |
||